Guess the Taylor Swift song with no hints #2 - Statistics

General Stats
  • This quiz has been taken 572 times
  • The average score is 185 of 251
Answer Stats
% Correct
I
99%
a
98%
you
97%
me
96%
the
95%
love
94%
And
92%
my
92%
My
92%
it
91%
be
89%
to
89%
your
89%
is
87%
In
86%
you're
86%
You're
86%
for
85%
For
85%
on
85%
so
85%
I'm
84%
if
83%
If
83%
of
83%
Don't
82%
I'll
82%
this
81%
They
80%
too
80%
I've
79%
time
79%
was
76%
would
76%
been
75%
say
75%
but
74%
life
74%
baby
73%
right
73%
Oh
71%
oh
71%
I'd
70%
Just
70%
just
70%
made
70%
blame
69%
doesn't
69%
rest
69%
crazy
68%
doin'
68%
with
68%
drug
67%
Lord
67%
now
67%
ain't
66%
mine
66%
save
66%
from
65%
them
65%
usin'
65%
long
64%
Every
62%
every
62%
gone
59%
mind
58%
she's
58%
far
57%
first
57%
get
56%
touch
56%
lovin'
55%
lovin
55%
stay
55%
face
53%
hearts
53%
away
52%
breakin'
52%
call
52%
name
52%
beg
51%
knees
51%
line
51%
once
51%
cross
50%
daisy
50%
guys
50%
Something
50%
waste
50%
lose
49%
walk
49%
gonna
48%
need
48%
older
48%
whatever
48%
decide
47%
happened
47%
ivy
47%
poison
47%
fall
46%
grace
46%
high
46%
toyin'
46%
use
46%
touchin'
45%
Echoes
43%
paradise
41%
inside
39%
Halo
38%
Shakin'
38%
darkest
35%
obsession
35%
insane
34%
hiding
33%
Trip
33%
little
32%
playthings
32%
pacin'
22%
No matching quizzes found
Score Distribution
Percent of People with Each Score
Percentile by Number Answered
Your Score History
You have not taken this quiz